| 000 | 00535nam a2200193Ia 4500 | ||
|---|---|---|---|
| 005 | 20250508153739.0 | ||
| 008 | 008 250505s9999 xx 000 0 eng d | ||
| 037 | _aTextual | ||
| 040 |
_aFEDL _beng _cFEDL |
||
| 041 |
_aeng _2eng |
||
| 084 |
_a370.948 1, AND _qFEDL |
||
| 100 |
_aAnderson David Allen _9764341 |
||
| 245 | 0 | _aSchool system of Norway | |
| 260 |
_aLondon, UK _bGeorge G Harrap and Co Ltd. |
||
| 300 | _a231p | ||
| 650 | _aEducation | ||
| 942 |
_cTEXL _h370.948 1, AND |
||
| 999 |
_c1345179 _d1345179 |
||